| 000 | 00348nam a2200121Ia 4500 | ||
|---|---|---|---|
| 008 | 220217s9999||||xx |||||||||||||| ||und|| | ||
| 020 | _a9788123904283 | ||
| 100 |
_aRowe G.W _99356 |
||
| 245 | 0 | _aPrinciples of industrial metalworking process | |
| 260 |
_aCBS publishers _bNew Delhi _c2005 |
||
| 300 |
_aXXII, 407p. _b295 |
||
| 650 | _aMECHANICHAL | ||
| 999 |
_c185536 _d185536 |
||